[Event "BEL-ch op"]
[Site "Niel"]
[Date "2017.07.02"]
[Round "2"]
[White "Buelens, Roger"]
[Black "Swijsen, Willy"]
[Result "1-0"]
[WhiteElo "1446"]
[BlackElo "1575"]
[PlyCount "58"]
[EventDate "2017.07.01"]
[EventType "swiss"]
[EventRounds "9"]
[EventCountry "BEL"]
[SourceTitle "EXT 2018"]
[Source "ChessBase"]
[SourceDate "2017.10.13"]
[SourceVersion "1"]
[SourceVersionDate "2017.10.13"]
[SourceQuality "1"]

1. e4 e6 2. d4 d5 3. exd5 exd5 4. Nf3 Bd6 5. Bd3 Bg4 6. 0-0 Nc6 7. Re1+ Nge7 8. c3 Qd7 9. Be3 0-0-0 10. Nbd2 f5 11. Bg5 h6 12. Bxe7 Nxe7 13. Qb3 Ng6 14. h3 Bxh3 15. gxh3 Nf4 16. Bf1 Qf7 17. Ne5 Bxe5 18. Rxe5 Qg6+ 19. Kh2 Qh5 20. c4 Qh4 21. Qg3 Qxg3+ 22. fxg3 Ng6 23. Rxf5 dxc4 24. d5 Ne7 25. Rf7 Nxd5 26. Nxc4 Rhf8 27. Rxf8 Rxf8 28. Bg2 c6 29. Rf1 Re8 1-0

[Event "Maastricht Limburg op-C 6th"]
[Site "Maastricht"]
[Date "2012.05.28"]
[Round "7"]
[White "Swijsen, Willy"]
[Black "Cios, Maciej"]
[Result "0-1"]
[WhiteElo "1567"]
[BlackElo "1528"]
[PlyCount "50"]
[EventDate "2012.05.25"]
[EventType "swiss"]
[EventRounds "7"]
[EventCountry "NED"]
[SourceTitle "EXT 2013"]
[Source "ChessBase"]
[SourceDate "2012.11.22"]
[SourceVersion "1"]
[SourceVersionDate "2012.11.22"]
[SourceQuality "1"]

1. d4 d5 2. Nf3 Nf6 3. e3 e6 4. Bd3 c5 5. b3 cxd4 6. exd4 Nc6 7. Nbd2 Bb4 8. 0-0 Bc3 9. Rb1 Bxd4 10. Ba3 Bd7 11. Bd6 Bb6 12. Re1 Bc7 13. Ba3 Ne7 14. Ne5 Bxe5 15. Rxe5 0-0 16. Bb2 Ng6 17. Re3 Rc8 18. Rc1 Re8 19. Nf3 Ng4 20. Re1 Qc7 21. h3 Nf6 22. Bxf6 gxf6 23. Qd2 e5 24. Nh4 Nxh4 25. Bxh7+ Kxh7 0-1